Ilustrado / (Record no. 292344)
[ view plain ]
| 000 -LEADER | |
|---|---|
| fixed length control field | 00664nam a2200265Ia 4500 |
| 008 - FIXED-LENGTH DATA ELEMENTS--GENERAL INFORMATION | |
| fixed length control field | 160319s9999 xx 000 0 und d |
| 020 ## - INTERNATIONAL STANDARD BOOK NUMBER | |
| International Standard Book Number | 9780374174781 |
| 050 ## - LIBRARY OF CONGRESS CALL NUMBER | |
| Classification number | Fil Fic 823.92 |
| 050 ## - LIBRARY OF CONGRESS CALL NUMBER | |
| Item number | S982i 2010 |
| 100 ## - MAIN ENTRY--PERSONAL NAME | |
| Personal name | Syjuco, Miguel |
| 245 ## - TITLE STATEMENT | |
| Title | Ilustrado / |
| 245 ## - TITLE STATEMENT | |
| Statement of responsibility, etc | Miguel Syjuco. |
| 250 ## - EDITION STATEMENT | |
| Edition statement | !st edition. |
| 260 ## - PUBLICATION, DISTRIBUTION, ETC. (IMPRINT) | |
| Place of publication, distribution, etc | New York : |
| 260 ## - PUBLICATION, DISTRIBUTION, ETC. (IMPRINT) | |
| Name of publisher, distributor, etc | Farrar, Straus and Giroux. |
| 260 ## - PUBLICATION, DISTRIBUTION, ETC. (IMPRINT) | |
| Date of publication, distribution, etc | 2010 |
| 300 ## - PHYSICAL DESCRIPTION | |
| Extent | 304 pages : |
| 300 ## - PHYSICAL DESCRIPTION | |
| Dimensions | 24 cm. |
| 650 ## - SUBJECT ADDED ENTRY--TOPICAL TERM | |
| Topical term or geographic name as entry element | Authors, Filipino -- |
| 650 ## - SUBJECT ADDED ENTRY--TOPICAL TERM | |
| Topical term or geographic name as entry element | Experimental fiction. |
| 650 ## - SUBJECT ADDED ENTRY--TOPICAL TERM | |
| Topical term or geographic name as entry element | Murder -- Investigation -- |
| 650 ## - SUBJECT ADDED ENTRY--TOPICAL TERM | |
| General subdivision | Domestic fiction. |
| 650 ## - SUBJECT ADDED ENTRY--TOPICAL TERM | |
| General subdivision | Fiction. |
| 650 ## - SUBJECT ADDED ENTRY--TOPICAL TERM | |
| General subdivision | Fiction. |
| Withdrawn status | Lost status | Damaged status | Home library | Current library | Shelving location | Date acquired | Total Checkouts | Full call number | Barcode | Date last seen | Price effective from | Koha item type |
|---|---|---|---|---|---|---|---|---|---|---|---|---|
| Stonyhurst Southville International School (Batangas) | Stonyhurst Southville International School (Batangas) | Filipiniana Section | 03/19/2016 | Fil Fic 823.92 S982i 2010 | US- 1913 | 03/19/2016 | 03/19/2016 | Books |